Nová účtovná smernica Európskej únie

Smernica Európskeho parlamentu a Rady 2013/34/EÚ z 26. júna 2013 o ročných účtovných závierkach, konsolidovaných účtovných závierkach a súvisiacich správach určitých druhov podnikov, ktorou sa mení smernica Európskeho parlamentu a Rady 2006/43/ES a zrušujú smernice Rady 78/660/EHS a 83/349/EHS.

Salvato in:
Dettagli Bibliografici
Autore principale: Farkaš, Richard
Natura: Capitolo di libro
Lingua:slovacco
Soggetti:
Tags: Aggiungi Tag
Nessun Tag, puoi essere il primo ad aggiungerne!!

MARC

LEADER 00000naa a2200000 4500
001 0175695
005 20231208085919.9
041 0 |a slo 
044 |a SK 
245 1 0 |a Nová účtovná smernica Európskej únie  |c Richard Farkaš 
520 |a Smernica Európskeho parlamentu a Rady 2013/34/EÚ z 26. júna 2013 o ročných účtovných závierkach, konsolidovaných účtovných závierkach a súvisiacich správach určitých druhov podnikov, ktorou sa mení smernica Európskeho parlamentu a Rady 2006/43/ES a zrušujú smernice Rady 78/660/EHS a 83/349/EHS. 
610 2 0 |a Európska únia 
610 2 0 |a smernice 
610 2 0 |a harmonizácia 
610 2 0 |a štandardy účtovné medzinárodné 
100 1 |a Farkaš, Richard